000
00289nam a22001337a 4500
008
181016b xxu||||| |||| 00| 0 eng d
020
_a
9780787968335
041
_a
eng
080
_a
658
100
_a
54
101
_a
LID
245
_a
Leadership Challenge
_c
Posner, K
942
_2
udc
_c
BK
999
_c
49937
_d
49937